000 00576nam a2200229Ia 4500
003 OSt
005 20220924152153.0
006 a|||||r|||| 00| 0
007 ta
008 220923b |||||||| |||| 00| 0 mar d
024 _a341306
037 _cTextual
040 _aARTS
_cARTS
_bmar
041 _2mar
_amar
082 _aO155,2N14,2, K2
100 _aDevrukhkar
_9226017
245 0 _amalavarchi Mans
260 _c1962
650 _aMARATHI LITERATURE
_938000
942 _hO155,2N14,2, K2
_cTEXL
_2CC
999 _c468973
_d468973